Lady Ingram's Retreat (Record no. 1231114)

MARC details
000 -LEADER
fixed length control field 00471nam a2200193Ia 4500
008 - FIXED-LENGTH DATA ELEMENTS--GENERAL INFORMATION
fixed length control field 151121s9999||||xx |||||||||||||| ||und||
082 ## - DEWEY DECIMAL CLASSIFICATION NUMBER
Classification number 823ред91/TAT
082 ## - DEWEY DECIMAL CLASSIFICATION NUMBER
Item number HNW-42527
100 ## - MAIN ENTRY--PERSONAL NAME
Personal name Tattersall Jill
245 ## - TITLE STATEMENT
Title Lady Ingram's Retreat
260 ## - PUBLICATION, DISTRIBUTION, ETC. (IMPRINT)
Name of publisher, distributor, etc "Collins, London"
260 ## - PUBLICATION, DISTRIBUTION, ETC. (IMPRINT)
Date of publication, distribution, etc --
300 ## - PHYSICAL DESCRIPTION
Extent 192
600 ## - SUBJECT ADDED ENTRY--PERSONAL NAME
Personal name Tattersall Jill
630 ## - SUBJECT ADDED ENTRY--UNIFORM TITLE
Uniform title Lady Ingram's Retreat
700 ## - ADDED ENTRY--PERSONAL NAME
Personal name Tattersall Jill
730 ## - ADDED ENTRY--UNIFORM TITLE
Uniform title Lady Ingram's Retreat
942 ## - ADDED ENTRY ELEMENTS (KOHA)
Koha item type Book
Holdings
Withdrawn status Lost status Damaged status Not for loan Home library Current library Date acquired Total Checkouts Full call number Barcode Date last seen Price effective from Koha item type
        Hirachand Nemchand Wachanalaya, Solapur Hirachand Nemchand Wachanalaya, Solapur 11/21/2015   HNW-42527 HNW-42527 11/21/2015 11/21/2015 Book